书目信息 |
| 题名: |
中国冷链物流发展报告
|
|
| 作者: | 秦玉鸣 主编 ;中国物流与采购联合会 , 国家农产品现代物流工程技术研究中心 编 | |
| 分册: | 2020 | |
| 出版信息: | 北京 中国财富出版社有限公司 2020.07 |
|
| 页数: | 154页 | |
| 开本: | 26cm | |
| 丛书名: | ||
| 单 册: | ||
| 中图分类: | F252.8 | |
| 科图分类: | ||
| 主题词: | 冷冻食品--leng dong shi pin--物流管理--研究报告--中国--2020 | |
| 电子资源: | ||
| ISBN: | 978-7-5047-7199-5 | |
| 000 | 01628nam 2200277 450 | |
| 001 | CAL 0120203058843 | |
| 005 | 20230307150913.64 | |
| 010 | @a978-7-5047-7199-5@dCNY280.00 | |
| 100 | @a20200814d2020 em y0chiy0120 ea | |
| 101 | 0 | @achi |
| 102 | @aCN@b110000 | |
| 105 | @aa z 000yy | |
| 106 | @ar | |
| 200 | 1 | @a中国冷链物流发展报告@Azhong guo leng lian wu liu fa zhan bao gao@h2020@d= China cold chain logistics development report@h2020@f中国物流与采购联合会冷链物流专业委员会, 国家农产品现代物流工程技术研究中心@zeng |
| 210 | @a北京@c中国财富出版社有限公司@d2020.07 | |
| 215 | @a154页@c图@d26cm | |
| 314 | @a书内题: 秦玉鸣主编 | |
| 330 | @a本书属于行业研究报告, 聚焦医药流通领域, 分析2019年医药物流行业发展现状, 预测2020年行业发展趋势。内容上主要包括中国医药流通领域政策分析 ; 医药流通市场在政策影响下的变化 ; 欧美日本医药流通领域现状分析 ; 药品、医疗器械、中药材每个细分领域流通情况的分析 ; 国内主要省份北京、上海、浙江等的医药流通的现状与发展趋势。2020年年初新冠肺炎疫情暴发, 医药物流行业为了应对危机、服务人民, 企业在行动, 行业也出台相关政策鼎力支持。 | |
| 510 | 1 | @aChina cold chain logistics development report@h2020@zeng |
| 606 | 0 | @a冷冻食品@Aleng dong shi pin@x物流管理@x研究报告@y中国@z2020 |
| 690 | @aF252.8@v5 | |
| 701 | 0 | @a秦玉鸣@Aqin yu ming@4主编 |
| 712 | 02 | @a中国物流与采购联合会@Azhong guo wu liu yu cai gou lian he hui@b冷链物流专业委员会@Bleng lian wu liu zhuan ye wei yuan hui@4编 |
| 712 | 02 | @a国家农产品现代物流工程技术研究中心@Aguo jia nong chan pin xian dai wu liu gong cheng ji shu yan jiu zhong xin@4编 |
| 801 | 0 | @aCN@bBJXHZP@c20230228 |
| 905 | @b1404468-70@dF252.8@e361:2020@f3 | |
| 中国冷链物流发展报告.2020= China cold chain logistics development report.2020/中国物流与采购联合会冷链物流专业委员会, 国家农产品现代物流工程技术研究中心.-北京:中国财富出版社有限公司,2020.07 |
| 154页:图;26cm |
| ISBN 978-7-5047-7199-5:CNY280.00 |
| 本书属于行业研究报告, 聚焦医药流通领域, 分析2019年医药物流行业发展现状, 预测2020年行业发展趋势。内容上主要包括中国医药流通领域政策分析 ; 医药流通市场在政策影响下的变化 ; 欧美日本医药流通领域现状分析 ; 药品、医疗器械、中药材每个细分领域流通情况的分析 ; 国内主要省份北京、上海、浙江等的医药流通的现状与发展趋势。2020年年初新冠肺炎疫情暴发, 医药物流行业为了应对危机、服务人民, 企业在行动, 行业也出台相关政策鼎力支持。 |
| ● |
| 相关链接 |
|
|
|
|
正题名:中国冷链物流发展报告
索取号:F252.8/361:2020
 
预约/预借
| 序号 | 登录号 | 条形码 | 馆藏地/架位号 | 状态 | 备注 |
| 1 | 1404468 | 214044684 | 第一样本阅览室/ [索取号:F252.8/361:2020] | 在馆 | |
| 2 | 1404469 | 214044693 | 第一借阅区/ [索取号:F252.8/361:2020] | 在馆 | |
| 3 | 1404470 | 214044700 | 第一借阅区/ [索取号:F252.8/361:2020] | 在馆 |